[Event "Pobeskydi Technomont Cup"]
[Site "Frydek Mistek CZE"]
[Date "2004.04.08"]
[Round "1"]
[White "Karhanek,P"]
[Black "Vyskocil,N"]
[Result "0-1"]
[WhiteElo "2208"]
[BlackElo "2339"]

1.d4 Nf6 2.Bg5 g6 3.Nf3 Bg7 4.Nbd2 c5 5.c3 cxd4 6.cxd4 Nc6 7.e3 O-O 8.a3 d5
9.Bd3 Qe8 10.Qe2 Nd7 11.O-O e5 12.dxe5 Ndxe5 13.Bb5 Bg4 14.h3 Nxf3+ 15.Nxf3 Bxf3
16.Qxf3 Nd4 17.exd4 Qxb5 18.b4 Rac8 19.Bf6 Rfe8 20.Bxg7 Kxg7 21.Rac1 Rc4
22.Rce1 Rxe1 23.Rxe1 Qc6 24.b5 Qd6 25.Qe3 Qf6 26.Rd1 Rc2 27.Rf1 Rc4 28.Rd1 Qe6
29.Qf3 Qe4 30.Qxe4 dxe4 31.Kf1 Kf6 32.Ke2 Ke6 33.d5+ Kd6 34.Ke3 f5 35.g4 Rc3+
36.Kd4 Rxh3 37.gxf5 gxf5 38.Rg1 Rd3+ 39.Kc4 Rxd5 40.Rh1 Rc5+ 41.Kd4 Rxb5
42.Rh6+ Kc7 43.Rxh7+ Kb6 44.Rf7 Ka5 45.Ke3 Ka4 46.Kf4 Kxa3  0-1

[Event "42nd Doeberl Cup"]
[Site "Canberra AUS"]
[Date "2004.04.10"]
[Round "3"]
[White "Smerdon,D"]
[Black "Charles,G"]
[Result "1-0"]
[WhiteElo "2393"]
[BlackElo "2221"]

1.d4 Nf6 2.Bg5 d5 3.Bxf6 exf6 4.e3 Bd6 5.g3 O-O 6.Bg2 c6 7.Ne2 Be6 8.Nd2 f5
9.b3 Nd7 10.O-O Nf6 11.c4 Re8 12.c5 Bc7 13.b4 b5 14.cxb6 axb6 15.Qc2 Bd6
16.a3 Bd7 17.Nc3 Qe7 18.Qb3 Ne4 19.Ndxe4 fxe4 20.Rfb1 b5 21.a4 bxa4 22.Nxa4 Reb8
23.Nc5 g6 24.Qc3 Bg4 25.Bf1 h5 26.Rxa8 Rxa8 27.b5 cxb5 28.Rxb5 Rc8 29.Qa5 h4
30.Qa6 hxg3 31.hxg3 Bxc5 32.dxc5 Rxc5 33.Rb8+ Kg7 34.Qa1+ f6 35.Qa8 Be6 36.Re8 Qf7
37.Rxe6 Qxe6 38.Qa7+ Kh6 39.Qxc5 Kg5 40.Bc4 f5 41.Bxd5 Qe5 42.Kg2 Kf6 43.Qf8+ Kg5
44.Bf7 Qf6 45.Qg8 Qd6 46.Qh8  1-0

[Event "10th WDB Easter Open"]
[Site "Essen GER"]
[Date "2004.04.10"]
[Round "5"]
[White "Soehnchen,A"]
[Black "Thiel,T"]
[Result "0-1"]
[WhiteElo "2109"]
[BlackElo "2306"]

1.d4 Nf6 2.Bg5 c5 3.d5 Ne4 4.Bf4 Qb6 5.Bc1 g6 6.f3 Nd6 7.e4 Bg7 8.c3 O-O
9.Nd2 f5 10.Qe2 e5 11.dxe6 fxe4 12.fxe4 Nc6 13.Ngf3 dxe6 14.Nc4 Nxc4 15.Qxc4 Bd7
16.Qb3 Na5 17.Qxb6 axb6 18.Bg5 Bc6 19.Nd2 Rf7 20.O-O-O b5 21.Be3 b4 22.cxb4 cxb4
23.Bb6 Bh6 24.Bd3 Rd7 25.Kc2 Rc8 26.Nc4 Nxc4 27.Bxc4 Ba4+ 28.b3 Rxc4+ 29.Kb1 Rxd1+
30.Rxd1 Rc6 31.Rd8+ Kf7  0-1

[Event "Pobeskydi Technomont Cup"]
[Site "Frydek Mistek CZE"]
[Date "2004.04.11"]
[Round "8"]
[White "Karhanek,P"]
[Black "Michenka,J"]
[Result "0-1"]
[WhiteElo "2208"]
[BlackElo "2337"]

1.d4 Nf6 2.Bg5 c5 3.d5 Qb6 4.Nc3 Qxb2 5.Bd2 Qb6 6.e4 d6 7.f4 e5 8.f5 h5 9.Nh3 Be7
10.Be2 Nbd7 11.O-O c4+ 12.Kh1 Nc5 13.Ng5 Bd7 14.Bxc4 Ng4 15.Rb1 Qc7 16.Be2 Bxg5
17.Bxg5 Nf6 18.Bxf6 gxf6 19.Bxh5 Ke7 20.Re1 Qa5 21.Re3 b5 22.Bf3 b4 23.Ne2 Bb5
24.Nc1 Na4 25.Be2 Nc3 26.Rxc3 Bxe2 27.Qxe2 bxc3 28.Rb7+ Kf8 29.Qc4 Rh7 30.Ne2 Kg7
31.h3 Rhh8 32.Rc7 Rab8 33.Nxc3 Rb2 34.Rc6 Rxc2 35.Qd3 Rc1+ 36.Kh2 Rb8 37.Qg3+ Kf8
38.Qe3 Rc2 39.Qh6+ Ke7 40.Rxd6 Kxd6 41.Qxf6+ Kc5 42.Qxe5 Rg8 43.d6+ Kc6  0-1

[Event "Open ch-NOR"]
[Site "Oslo NOR"]
[Date "2004.04.11"]
[Round "9"]
[White "Martinsen,S"]
[Black "Hersvik,A"]
[Result "1-0"]
[WhiteElo "2143"]
[BlackElo "2007"]

1.d4 Nf6 2.Bg5 d5 3.e3 Bf5 4.Bxf6 exf6 5.c4 Bxb1 6.Qxb1 Bb4+ 7.Ke2 Be7 8.Qc2 O-O
9.Nf3 dxc4 10.Qxc4 c6 11.g3 Nd7 12.Bg2 Re8 13.Rac1 Bd6 14.Qd3 Nb6 15.Rhd1 Nd5
16.Kf1 Qa5 17.a3 Ne7 18.Nd2 Qh5 19.Kg1 f5 20.Qb3 Rab8 21.Qa4 Ra8 22.Qc4 Rad8
23.Nb3 Qg6 24.Nc5 Rb8 25.b4 h5 26.b5 h4 27.bxc6 bxc6 28.Rc2 Nd5 29.Bxd5 cxd5
30.Qd3 Qg4 31.Qe2 Qg5 32.Qf3 Qg6 33.Rdc1 h3 34.Qxd5 f4 35.e4 fxg3 36.hxg3 Bxg3
37.fxg3 Qxg3+ 38.Kh1 Qxa3 39.Rc3 Qb2 40.Qg5 Rb6 41.R1c2 Qb5 42.Rxh3 Qf1+
43.Kh2 Rg6 44.Qe3 Rf6 45.Rg2 Qb5 46.e5 Rb6 47.Rhg3 g6 48.Qh6  1-0

[Event "ACP Blitz Prelim1"]
[Site "playchess.com INT"]
[Date "2004.04.12"]
[Round "7"]
[White "Agababean,N"]
[Black "Lobron,E"]
[Result "0-1"]
[WhiteElo "2216"]
[BlackElo "2493"]

1.d4 Nf6 2.Bg5 d5 3.Bxf6 exf6 4.e3 Bd6 5.Bd3 O-O 6.Qh5 g6 7.Qh6 Re8 8.Ne2 Nd7
9.Nbc3 c6 10.h4 f5 11.h5 Nf6 12.hxg6 fxg6 13.O-O-O Qe7 14.Kb1 Ng4 15.Qh4 Qxh4
16.Rxh4 Nxf2 17.Rf1 Nxd3 18.cxd3 Rxe3 19.Kc2 Bd7 20.Rfh1 Re7 21.Nf4 g5  0-1

[Event "ACP Blitz Prelim4"]
[Site "playchess.com INT"]
[Date "2004.04.15"]
[Round "16"]
[White "Polaczek,R"]
[Black "Shipov,S"]
[Result "0-1"]
[WhiteElo "2426"]
[BlackElo "2593"]

1.d4 Nf6 2.Bg5 d5 3.Bxf6 exf6 4.e3 Bd6 5.Nd2 O-O 6.Ne2 c6 7.c4 dxc4 8.Nxc4 Bc7
9.g3 f5 10.Bg2 Nd7 11.O-O Nf6 12.Nc3 h5 13.Qc2 Be6 14.Nd2 h4 15.Na4 hxg3
16.hxg3 Qe7 17.Nc5 Rae8 18.Nxe6 Qxe6 19.Nb3 Ng4 20.Bf3 Qg6 21.Bxg4 Qxg4 22.Qd1 Qg5
23.Qf3 Re7 24.Kg2 Rfe8 25.Rae1 g6 26.Nc5 Bd6 27.Nd3 Re4 28.Rh1 Kg7 29.Rh3 Kf6
30.Re2 Qg4 31.Qxg4 fxg4 32.Rh1 Rxd4 33.Rd1 Rd5 34.Red2 Kg7 35.Ne1 Rxd2 36.Rxd2 Bb4
37.Re2 Bxe1 38.Rxe1 Rd8 39.Re2 Kf6 40.f4 gxf3+ 41.Kxf3 Ke5 42.Rc2 Rd5 43.g4 a5
44.Rh2 a4 45.Rh7 Ke6 46.Rh2 Rb5 47.Kf4 f6 48.Rd2 Rb4+ 49.Kf3 Ke5 50.Rh2 c5
51.Rc2 b6 52.Rd2 f5 53.gxf5 Kxf5 54.Rc2 g5 55.Rd2 g4+ 56.Kg3 Ke4 57.Kf2 g3+
58.Kxg3 Kxe3 59.Rg2 Kd3 60.Kf3 c4 61.Rf2 a3 62.bxa3 Ra4 63.Kf4 c3+  0-1

[Event "Rapid"]
[Site "Beer Sheva ISR"]
[Date "2004.04.20"]
[Round "7"]
[White "Golod,V"]
[Black "Tseitlin,Ma"]
[Result "0-1"]
[WhiteElo "2552"]
[BlackElo "2455"]

1.d4 Nf6 2.Bg5 c5 3.d5 Ne4 4.Bf4 Qb6 5.Bc1 e5 6.f3 Nd6 7.e4 Be7 8.Nc3 O-O
9.Nh3 Ne8 10.Nf2 d6 11.Bd3 Qd8 12.g3 Na6 13.Be3 Rb8 14.Qd2 Bd7 15.a4 Nb4
16.Be2 g6 17.O-O f5 18.exf5 gxf5 19.f4 Bf6 20.fxe5 Bxe5 21.Nd3 Nxd3 22.Bxd3 Ng7
23.Bb5 a6 24.Bxd7 Qxd7 25.Bf4 Rbe8 26.Rae1 Bd4+ 27.Kg2 b5 28.axb5 axb5 29.Nd1 Qf7
30.c3 Be5 31.Ne3 Bxf4 32.Rxf4 Re5 33.b3 Rfe8 34.c4 bxc4 35.bxc4 Qe7 36.Kf2 Qg5
37.Qd3 Re4 38.Ng2 Rxe1 39.Nxe1 Qh6 40.Ng2 Qf6 41.Kg1 Qa1+ 42.Rf1 Qb2 43.Nf4 Re4
44.Rb1 Qe5 45.Rb8+ Kf7 46.Rb7+ Kf6 47.Kg2 Rd4 48.Qf3 Qe4 49.Qxe4 fxe4 50.Rd7 Nf5
51.g4 Rd2+ 52.Kh3 Rd3+ 53.Kg2 Ne3+ 54.Kg1 Rd1+ 55.Kf2 Nxc4 56.Rxh7 e3+ 57.Kf3 Rf1+
58.Ke4 Rxf4+ 59.Kxf4 e2 60.Rh6+ Kf7 61.Kg5 e1=Q 62.Rf6+ Ke7 63.Re6+ Qxe6
64.dxe6 Kxe6 65.h4 Ne5 66.h5 c4 67.Kf4 Nxg4  0-1

[Event "6th Open"]
[Site "Dubai UAE"]
[Date "2004.04.21"]
[Round "3"]
[White "Mamedjarova,Z"]
[Black "Efimenko,Z"]
[Result "1/2-1/2"]
[WhiteElo "2343"]
[BlackElo "2566"]

1.d4 Nf6 2.Bg5 d5 3.Nc3 Nbd7 4.Qd3 e6 5.e4 dxe4 6.Nxe4 Be7 7.Nxf6+ Nxf6 8.Nf3 O-O
9.Be2 b6 10.O-O Bb7 11.Ne5 h6 12.Bh4 Nd5 13.Bg3 Rc8 14.Rfe1 c5 15.dxc5 Bxc5
16.c3 Be7  1/2-1/2

[Event "Corsica Hotels Masters"]
[Site "Bastia FRA"]
[Date "2004.04.27"]
[Round "3"]
[White "Skembris,S"]
[Black "Moingt,JC"]
[Result "0-1"]
[WhiteElo "2439"]
[BlackElo "2296"]

1.d4 Nf6 2.Bg5 c5 3.Bxf6 gxf6 4.d5 Qb6 5.b3 f5 6.e3 Bg7 7.c3 d6 8.a4 Nd7
9.a5 Qc7 10.Nh3 Nf6 11.Bb5+ Bd7 12.Bxd7+ Qxd7 13.O-O O-O 14.Nf4 Ne4 15.Qc2 b5
16.f3 Nf6 17.Rd1 Kh8 18.Ra2 e6 19.c4 bxc4 20.bxc4 Rab8 21.Nc3 e5 22.Nd3 Bh6
23.Re1 Rg8 24.Rb2 e4 25.Rxb8 Rxb8 26.fxe4 Nxe4 27.Nxe4 fxe4 28.Nf4 Qf5 29.g3 Rb4
30.Rb1 Qe5 31.Rxb4 cxb4 32.Qa4 Bxf4 33.gxf4 Qc3 34.Qe8+ Kg7 35.Qxe4 b3 36.Qg2+ Kf8
37.Qh3 Qe1+ 38.Kg2 Qe2+ 39.Kg1 b2 40.Qxh7 Qe1+ 41.Kg2 b1=Q 42.Qh6+ Kg8  0-1

[Event "Capablanca Mem Mixto"]
[Site "Havana CUB"]
[Date "2004.05.08"]
[Round "3"]
[White "Groffen,H"]
[Black "Santa Torres,J"]
[Result "0-1"]
[WhiteElo "2207"]
[BlackElo "2241"]

1.d4 Nf6 2.Bg5 d5 3.Bxf6 exf6 4.e3 c6 5.Nd2 Bd6 6.g3 O-O 7.Bg2 Qb6 8.b3 Re8
9.Ne2 Bg4 10.c3 Qa6 11.b4 Qd3 12.Nf3 Qc4 13.Qb3 Qd3 14.h3 Bf5 15.Nc1 Rxe3+  0-1

[Event "Capablanca Mem Mixto"]
[Site "Havana CUB"]
[Date "2004.05.10"]
[Round "5"]
[White "Groffen,H"]
[Black "Frois,A"]
[Result "0-1"]
[WhiteElo "2207"]
[BlackElo "2340"]

1.d4 Nf6 2.Bg5 d5 3.Bxf6 exf6 4.e3 Bd6 5.g3 O-O 6.Bg2 c6 7.Ne2 f5 8.O-O Nd7
9.Nd2 Nf6 10.c4 dxc4 11.Nxc4 Bc7 12.Qc2 Qe7 13.Rad1 Be6 14.b3 Rad8 15.Rfe1 Rfe8
16.Nc1 g6 17.Nd3 Ne4 18.b4 h5 19.Nc5 Bc8 20.f4 Nf6 21.Ne5 Nd5 22.a3 Kg7 23.e4 fxe4
24.Bxe4 Qf6 25.Bd3 Bb6 26.Be4 a5 27.Qb2 axb4 28.axb4 h4 29.Rd2 hxg3 30.hxg3 Rh8
31.Rh2 Rxh2 32.Kxh2 Rh8+ 33.Kg2 Nxf4+ 34.Kg1 Qg5 35.Qb3 Be6 36.Qf3 Bxc5 37.bxc5 Rh3
38.Ng4 Nh5  0-1

[Event "1st Open"]
[Site "Kranj SLO"]
[Date "2004.05.11"]
[Round "6"]
[White "Gombac,Jan"]
[Black "Jelen,Ig"]
[Result "1-0"]
[WhiteElo "2227"]
[BlackElo "2359"]

1.d4 Nf6 2.Bg5 d5 3.Bxf6 gxf6 4.Nf3 c5 5.dxc5 e6 6.e3 Bxc5 7.Nbd2 Nc6 8.Bd3 f5
9.O-O O-O 10.c4 dxc4 11.Nxc4 Qf6 12.Rc1 b6 13.a3 Rd8 14.b4 Bf8 15.b5 Na5
16.Nxa5 bxa5 17.Qb3 a4 18.Qc4 Bb7 19.Nd4 Bxa3 20.Ra1 Bd5 21.Qxa4 Qg5 22.g3 Bb2
23.Rad1 Bxd4 24.exd4 Bf3 25.Ra1 Qg4 26.Rfe1 Rxd4 27.Qa3 Rad8 28.Bf1 Be4 29.h3 Qh5
30.Qe3 Rd3 31.Bxd3 Rxd3 32.Qf4 Qxh3 33.Qg5+ Kf8 34.Rxe4 fxe4 35.Qc5+ Kg7
36.Qg5+ Kf8 37.Rc1 e5 38.Qxe5 Qg4 39.Rc8+  1-0

[Event "29th Elekes Mem IM"]
[Site "Budapest HUN"]
[Date "2004.05.16"]
[Round "2"]
[White "Orso,M"]
[Black "Petran,Pa"]
[Result "1/2-1/2"]
[WhiteElo "2350"]
[BlackElo "2386"]

1.d4 Nf6 2.Bg5 d5 3.Bxf6 exf6 4.e3 c6 5.Nd2 f5 6.Ne2 Nd7 7.Nf3 Qb6 8.Rb1 Nf6
9.Nf4 Ne4 10.Bd3 Be7 11.O-O O-O 12.c4 Be6 13.Qb3 Qxb3 14.axb3 a5  1/2-1/2

[Event "29th Elekes Mem GM"]
[Site "Budapest HUN"]
[Date "2004.05.17"]
[Round "3"]
[White "Galyas,M"]
[Black "Paschall,W"]
[Result "1/2-1/2"]
[WhiteElo "2441"]
[BlackElo "2381"]

1.d4 Nf6 2.Bg5 d5 3.Bxf6 gxf6 4.c4 c5 5.cxd5 Qxd5 6.Nf3 cxd4 7.Nc3 Qd6 8.Qxd4 Qxd4
9.Nxd4 e6 10.Ndb5 Na6 11.g3 Bd7 12.Bg2 Bxb5 13.Nxb5 O-O-O 14.Nxa7+ Kb8 15.Nb5 Bb4+
16.Nc3 Nc5 17.Rc1 Na4 18.O-O Bxc3 19.bxc3 Rd2 20.Rb1 Nc5 21.Rb5 Rc8 22.Rfb1 Rc7
23.Bf3 Rxa2 24.Rxc5  1/2-1/2

[Event "22nd LIE-Open"]
[Site "Triesen LIE"]
[Date "2004.05.19"]
[Round "6"]
[White "Kuehn,Pe1"]
[Black "Brestian,E"]
[Result "1/2-1/2"]
[WhiteElo "2336"]
[BlackElo "2431"]

1.d4 Nf6 2.Bg5 g6 3.Bxf6 exf6 4.e3 Bg7 5.g3 d5 6.Bg2 c6 7.Nd2 Na6 8.Ne2 Nc7
9.O-O h5 10.c4 dxc4 11.Nxc4 h4 12.Qb3 hxg3 13.hxg3 O-O 14.Rfc1 Nd5 15.Nc3 Nxc3
16.Qxc3 Be6 17.b4 Bd5 18.Na5 Bxg2 19.Kxg2 Qd7 20.Rc2 f5 21.Qc4 Bf6 22.Rh1  1/2-1/2

[Event "Victor Syre Open"]
[Site "Issy les Moulineaux FRA"]
[Date "2004.05.20"]
[Round "2"]
[White "Lavabre,F"]
[Black "Demarre,J"]
[Result "1/2-1/2"]
[WhiteElo "2140"]
[BlackElo "2315"]

1.d4 Nf6 2.Bg5 c5 3.Bxf6 exf6 4.d5 d6 5.e3 Nd7 6.Nd2 Be7 7.g3 O-O 8.Bg2 b5
9.Ne2 f5 10.O-O Bf6 11.c3 Ba6 12.Qc2 g6 13.Nf4 Qb6 14.e4 fxe4 15.Nxe4 Be5
16.Rfe1 Rfe8 17.h4 Bxf4 18.gxf4 Qd8 19.h5 Nf6 20.hxg6 hxg6 21.Ng5 Bc8 22.Qd3 a6
23.Be4 Nxe4 24.Rxe4 Bf5 25.Rxe8+ Qxe8 26.Qf3 Kg7 27.Kg2 Qe7 28.Rh1 Rh8 29.Kg3 f6
30.Ne6+ Bxe6 31.Rxh8 Kxh8 32.dxe6 Qxe6 33.Qa8+ Kg7 34.Qxa6 Qd7 35.Qb6 Kf7
36.Qb8 Kg7 37.Qb6 c4 38.b3 d5 39.Qd4 Qe6 40.bxc4 dxc4 41.Qa7+ Kh6 42.Qb8 g5
43.fxg5+ fxg5 44.Qxb5 Kh5 45.Qb8 Qg4+ 46.Kh2 Qh4+  1/2-1/2

[Event "5th IECC"]
[Site "Antalya TUR"]
[Date "2004.05.21"]
[Round "6"]
[White "Mamedjarova,Z"]
[Black "Makoli,P"]
[Result "1-0"]
[WhiteElo "2343"]
[BlackElo "2228"]

1.d4 Nf6 2.Bg5 d5 3.Nc3 Bf5 4.e3 Nbd7 5.Nf3 e6 6.Bd3 Bxd3 7.cxd3 c6 8.O-O h6
9.Bh4 Be7 10.Qe2 O-O 11.Rac1 Re8 12.Nd2 Rc8 13.f4 Nh7 14.Bf2 Qa5 15.g4 Qa6
16.h4 c5 17.g5 hxg5 18.hxg5 g6 19.Kg2 Bd6 20.Bg3 Bf8 21.Rh1 b5 22.dxc5 b4
23.d4 Rc6 24.Qxa6 Rxa6 25.Ne2 Rxa2 26.Rc2 Ra8 27.Nc1 Ra5 28.Nd3 Rb5 29.Ra1 a5
30.b3 Nb8 31.Ne5 Bg7 32.Ndf3 Na6 33.Nd7 Ra7 34.c6 f5 35.gxf6 Nxf6 36.Nxf6+ Bxf6
37.f5 Ra8 38.fxe6 Nc5 39.c7 Rc8 40.e7 Kf7 41.Rf1 Ke6 42.Ne5 Kxe7 43.Nc6+  1-0

[Event "Summer II"]
[Site "Alushta UKR"]
[Date "2004.05.27"]
[Round "7"]
[White "Kalugin,S"]
[Black "Derjabin,I"]
[Result "1-0"]
[WhiteElo "2454"]
[BlackElo "2391"]

1.d4 Nf6 2.Bg5 c5 3.d5 Ne4 4.Bf4 Qb6 5.Bc1 g6 6.f3 Nf6 7.e4 d6 8.Nd2 Bg7
9.Nc4 Qc7 10.a4 O-O 11.Ne2 Nbd7 12.Nc3 a6 13.Be2 Rb8 14.a5 b5 15.axb6 Nxb6
16.Na5 Bd7 17.O-O e6 18.dxe6 Bxe6 19.Bf4 Rfd8 20.Bxa6 Nh5 21.Nb5 Qd7 22.Bxd6 Ra8
23.Nb7 Rxa6 24.Nxd8 Rxa1 25.Qxa1 Qxd8 26.Bc7 Qg5 27.Bxb6 Qe3+ 28.Kh1 Be5
29.Bc7 Bxc7 30.Nxc7 Bc4 31.Qc1 Qe2 32.Re1 Qf2 33.Qe3 Qh4 34.b3 Bf1 35.Rxf1 Ng3+
36.Kg1 Qxh2+ 37.Kxh2 Nxf1+ 38.Kg1 Nxe3 39.c3 Kf8 40.Nd5 Nc2 41.Kf2 h5 42.Ke2 Ke8
43.Kd2 Na1 44.b4 cxb4 45.cxb4 Nb3+ 46.Kc3 Nc1 47.Nf4 g5 48.Kb2  1-0

[Event "Open"]
[Site "Nis SCG"]
[Date "2004.05.29"]
[Round "2"]
[White "Maksimovic,B"]
[Black "Kostic,Ma"]
[Result "1/2-1/2"]
[WhiteElo "2408"]
[BlackElo "2151"]

1.d4 Nf6 2.Bg5 d5 3.e3 Bf5 4.c4 c6 5.Bxf6 gxf6 6.Nc3 e6 7.Bd3 Bg6 8.Nge2 Nd7
9.cxd5 cxd5 10.O-O Bd6 11.e4 dxe4 12.Bxe4 O-O 13.Ng3 f5 14.Bc2 Qh4 15.Re1 Rad8
16.Qf3 Qxd4 17.Rad1 Qb6 18.Bxf5 Bxg3 19.Bxg6 Bxf2+ 20.Qxf2 hxg6 21.Ne4 Qxf2+
22.Kxf2 Nb6 23.Nc5 Rxd1 24.Rxd1 Rb8 25.Nd7 Nxd7 26.Rxd7 Kf8 27.h4 a5 28.Kf3 b6
29.g4 Rc8 30.Rb7 Rc6 31.b3 Rc2 32.Rxb6 Rxa2 33.Kf4 Rb2 34.Rb5 Kg7 35.g5 Ra2
36.Ke4 a4 37.b4 Rh2 38.Kd4 Rxh4+ 39.Kc5 Rg4 40.Ra5 Rxg5+ 41.Kc4 Rg4+ 42.Kc5 Rg5+
43.Kc4 Rg4+ 44.Kc5 Rg5+ 45.Kc4  1/2-1/2

[Event "Mitropa Cup"]
[Site "Zemplinska Sirava SVK"]
[Date "2004.05.30"]
[Round "2"]
[White "Papa,S"]
[Black "Mrva,Mart"]
[Result "1/2-1/2"]
[WhiteElo "2405"]
[BlackElo "2471"]

1.d4 Nf6 2.Bg5 c5 3.Bxf6 exf6 4.e3 cxd4 5.exd4 Qb6 6.b3 d5 7.Bd3 Nc6 8.c3 Bd6
9.Ne2 O-O 10.O-O Bg4 11.Qc2 g6 12.Nd2 Qc7 13.Ng3 Rac8 14.Qb2 Nd8 15.c4 Ne6
16.c5 Bf4 17.b4 h5 18.Rfe1 Bh6 19.Ne2 h4 20.h3 Bh5 21.Nb3 f5 22.Nc3 Qd8 23.Bf1 Bf4
24.Be2 Bxe2 25.Qxe2 Bb8 26.Qf3 Nf4 27.Re3 Qd7 28.Rae1 Rfe8 29.Kf1 Re6 30.Rxe6 fxe6
31.Nc1 Kf7 32.N1e2 Nh5 33.Qe3 Rh8 34.Ng1 Nf6 35.Nf3 Ne4 36.Ne2 Kf6 37.Ne5 Bxe5
38.dxe5+ Kf7 39.Nd4 a6 40.f3 Ng3+ 41.Kg1 Rh5 42.c6 bxc6 43.Rc1 Rh8 44.Qg5 Nh5
45.Qxh4 f4 46.Rxc6 Rc8 47.Rxe6 Qa7 48.Kh2 Rc1 49.Qg4 Rh1+ 50.Kxh1 Ng3+ 51.Kh2 Nf1+
52.Kg1 Qxd4+ 53.Kxf1 Qd1+ 54.Kf2 Qd4+  1/2-1/2

[Event "3rd ACP Blitz Prelim1"]
[Site "playchess.com INT"]
[Date "2004.05.31"]
[Round "9"]
[White "Agababean,N"]
[Black "Baklan,V"]
[Result "0-1"]
[WhiteElo "2216"]
[BlackElo "2615"]

1.d4 Nf6 2.Bg5 c5 3.Bxf6 gxf6 4.d5 Qb6 5.Qc1 f5 6.c3 Na6 7.e3 Nc7 8.Bc4 Qd6
9.Qd2 b5 10.Be2 Bb7 11.Na3 Qxd5 12.Bf3 Qxd2+ 13.Kxd2 Rb8 14.Rd1 Bg7 15.Kc2 b4
16.cxb4 cxb4 17.Nc4 d5 18.Na5 Ba8 19.Kb1 O-O 20.Ne2 Rfc8 21.Rc1 Nb5 22.Nf4 e6
23.Nd3 Nd6 24.Rxc8+ Nxc8 25.Rc1 Nd6 26.Rc7 Nb5 27.Rc1 Bf8 28.Nc6 Bxc6 29.Rxc6 Nd6
30.Ne5 Rb7 31.Bh5 Kg7 32.g4 fxg4 33.Nxg4 Nc4 34.Rc8 Be7 35.b3 Nd2+ 36.Kc2 Ne4
37.Kd3 f5 38.Ne5 Nxf2+ 39.Ke2 Ne4 40.Nc6 Bf6 41.Re8 Nc3+ 42.Kf3 Nxa2 43.Rxe6 Nc3
44.Kf4 Ne4 45.Kxf5 Ba1 46.Re8 Nd6+ 47.Ke6 Nxe8 48.Ne7 Nc7+ 49.Kd6 Nb5+ 50.Ke6 Rxe7+
51.Kxe7 d4 52.Be8 Nc7 53.Bb5 dxe3  0-1

[Event "3rd ACP Blitz Prelim2"]
[Site "playchess.com INT"]
[Date "2004.06.01"]
[Round "4"]
[White "Gustafsson,J"]
[Black "Avrukh,B"]
[Result "1/2-1/2"]
[WhiteElo "2579"]
[BlackElo "2620"]

1.d4 Nf6 2.Bg5 d5 3.e3 e6 4.c4 Be7 5.Nc3 O-O 6.Nf3 h6 7.Bh4 b6 8.Bd3 Bb7
9.O-O Nbd7 10.Qe2 Ne4 11.Bg3 c5 12.cxd5 exd5 13.Rfd1 Nxg3 14.hxg3 Nf6 15.dxc5 bxc5
16.Ba6 Qb6 17.Bxb7 Qxb7 18.b3 Rfd8 19.Rd2 Qb4 20.Rc1 Rac8 21.Ne5 Qb8 22.Nd3 Bd6
23.Rdc2 Re8 24.Qf3 c4 25.bxc4 dxc4 26.Nf4 Ba3 27.Rd1 Qe5 28.Nfd5 Nxd5 29.Rxd5 Qe6
30.Ra5 Bc5 31.Na4 Bb6 32.Rd5 Red8 33.Nc3 Qg6 34.e4 Bd4 35.Rxd8+ Rxd8 36.Rd2 Bb6
37.Rxd8+ Bxd8 38.Nd5 Qc6 39.Qc3 Kh7 40.Qc2 Kg8 41.Kf1 Bf6 42.Ke2 Kh8 43.Ne3 c3
44.Nd5 Qa6+ 45.Kf3 Qc4 46.Ne3 Qd4 47.Qb3 Kh7 48.Qxf7 c2 49.Nxc2 Qd1+ 50.Ke3 Qxc2
51.Qd5 Qc3+ 52.Ke2 Qe5 53.Qd3 Qb2+ 54.Kf1 Qe5 55.f4 Qa1+ 56.Ke2 Qxa2+ 57.Kf3 Qe6
58.e5+ Kg8 59.exf6 Qxf6 60.Qd5+ Kh7 61.Qd3+ Kg8 62.Qd5+ Qf7 63.Qa8+ Kh7 64.Qe4+ g6
65.Qa8 Qg7 66.g4 h5 67.gxh5 gxh5  1/2-1/2

[Event "3rd ACP Blitz Prelim4"]
[Site "playchess.com INT"]
[Date "2004.06.03"]
[Round "1"]
[White "Polaczek,R"]
[Black "Landa,K"]
[Result "0-1"]
[WhiteElo "2426"]
[BlackElo "2550"]

1.d4 Nf6 2.Bg5 d5 3.e3 c5 4.Bxf6 gxf6 5.Nf3 Nc6 6.c3 e6 7.Be2 f5 8.O-O Rg8
9.Kh1 Qb6 10.Qc2 Bd7 11.dxc5 Bxc5 12.b4 Be7 13.a3 Rc8 14.Nbd2 Bf6 15.Rac1 Ne5
16.c4 Nxf3 17.Bxf3 a5 18.Qb3 Qc7 19.c5 Bb5 20.Rfe1 a4 21.Qb1 Ke7 22.Be2 Qc6
23.Bxb5 Qxb5 24.Nf3 Rg4 25.h3 Rg6 26.Nd4 Bxd4 27.exd4 Rcg8 28.Qxf5 Rxg2 29.Qxh7 R2g5
30.Re3 Qc4 31.Rce1 Ke8 32.c6 Qxc6 33.Qh4 Qd6 34.Qh6 R5g6 35.Qh5 Kd8 36.Qh4+ Kd7
37.Qh5 Qf4  0-1

[Event "3rd ACP Blitz Prelim4"]
[Site "playchess.com INT"]
[Date "2004.06.03"]
[Round "3"]
[White "Polaczek,R"]
[Black "Harika,D"]
[Result "1/2-1/2"]
[WhiteElo "2426"]
[BlackElo "2368"]

1.d4 Nf6 2.Bg5 g6 3.Bxf6 exf6 4.c4 Bg7 5.Nc3 O-O 6.e3 f5 7.g3 c6 8.Bg2 d6
9.Nge2 Nd7 10.O-O Nf6 11.b4 Be6 12.Qd3 d5 13.cxd5 Nxd5 14.Nxd5 Bxd5 15.Bxd5 Qxd5
16.Nc3 Qd6 17.Qc4 Qd7 18.Rfd1 Rad8 19.Rab1 b5 20.Qb3 Rfe8 21.a4 a6 22.axb5 axb5
23.Ne2 Bf8 24.Nc1 Qc8 25.Nd3 Bd6 26.Rdc1 Qd7 27.Qc2 Rc8 28.Ra1 Bb8 29.Ra6 f4
30.exf4 Qxd4 31.Rxc6 Rcd8 32.Nc5 Qxb4 33.Na6 Qe4 34.Nxb8 Qxc2 35.R1xc2 Rxb8
36.Rb2 Re4 37.Kg2 b4 38.Kf3 Rd4 39.Ke3 Rbd8 40.Rc8 Rd3+ 41.Ke2 Rd2+ 42.Ke3 Rxc8
43.Kxd2 Rb8 44.Kd3 h5 45.Kc4 Rc8+ 46.Kxb4 Rb8+ 47.Kc3 Rc8+ 48.Kd3 Re8 49.Re2 Rd8+
50.Ke3 Kg7 51.Kf3 Ra8 52.Re3 Ra7 53.f5 Rb7 54.fxg6 fxg6 55.h4 Kf6 56.Rd3 Rc7
57.Rb3 Ra7 58.Rb2 Rc7 59.Rb4 Ra7 60.Rb6+ Kg7 61.Rb4 Ra5 62.Kf4 Rf5+ 63.Ke3 Re5+
64.Re4 Ra5 65.f3 Kh6 66.Kf4 Rf5+ 67.Ke3 Rb5 68.Rd4 Ra5 69.Kf4 Rf5+ 70.Ke4 Ra5  1/2-1/2

[Event "3rd ACP Blitz Prelim4"]
[Site "playchess.com INT"]
[Date "2004.06.03"]
[Round "7"]
[White "Polaczek,R"]
[Black "Mecking,H"]
[Result "0-1"]
[WhiteElo "2426"]
[BlackElo "2555"]

1.d4 Nf6 2.Bg5 d5 3.Bxf6 exf6 4.e3 Bd6 5.Nd2 O-O 6.Ne2 f5 7.g3 c6 8.Bg2 Nd7
9.c4 dxc4 10.Nxc4 Bb4+ 11.Nc3 Nb6 12.Nxb6 axb6 13.O-O b5 14.Ne2 Be6 15.b3 Bd5
16.Bxd5 Qxd5 17.Nf4 Qe4 18.a4 bxa4 19.Rxa4 Rxa4 20.bxa4 Bd6 21.Nd3 g6 22.Qb3 Rb8
23.Rc1 h5 24.Nc5 Bxc5 25.Rxc5 h4 26.Re5 Qf3 27.Re7 Rf8 28.Qd3 h3 29.Qf1 Qg4
30.Rxb7 Ra8 31.Rb4 Kg7 32.f3 Qg5 33.Qd3 Qe7 34.Qc3 Kg8 35.Kf2 Qe6 36.Rc4 Rb8
37.Rb4 Qa2+ 38.Ke1 Rxb4 39.Qxb4 Qxh2 40.Qb8+ Kh7 41.Qc7 Qa2 42.Qe7 h2 43.Qh4+ Kg7
44.Kf1 Qb1+ 45.Ke2 h1=Q  0-1

[Event "3rd ACP Blitz Prelim4"]
[Site "playchess.com INT"]
[Date "2004.06.03"]
[Round "10"]
[White "Polaczek,R"]
[Black "Shipov,S"]
[Result "0-1"]
[WhiteElo "2426"]
[BlackElo "2593"]

1.d4 Nf6 2.Bg5 d5 3.Bxf6 exf6 4.e3 Bd6 5.Nd2 c6 6.Ne2 O-O 7.c4 dxc4 8.Nxc4 Bc7
9.Nc3 f5 10.g3 Nd7 11.Bg2 Nf6 12.O-O Be6 13.b3 Qe7 14.Qc2 Rad8 15.Rad1 Rfe8
16.Nb2 h5 17.Nd3 h4 18.Nc5 Bc8 19.Ne2 Ng4 20.h3 Nxe3 21.fxe3 Qxe3+  0-1

[Event "Rapid KO"]
[Site "Leon ESP"]
[Date "2004.06.04"]
[Round "1"]
[White "Vallejo Pons,F"]
[Black "Svidler,P"]
[Result "0-1"]
[WhiteElo "2666"]
[BlackElo "2733"]

1.d4 Nf6 2.Bg5 d5 3.e3 c5 4.Bxf6 gxf6 5.dxc5 e6 6.c4 dxc4 7.Qa4+ Nc6 8.Qxc4 Qa5+
9.Nc3 Qxc5 10.Nf3 Qxc4 11.Bxc4 Bd7 12.Ke2 Rc8 13.Rac1 Be7 14.Rhd1 f5 15.Nb5 Na5
16.Bd3 Rxc1 17.Rxc1 Nc6 18.Nfd4 Nxd4+ 19.Nxd4 Bd6 20.Bb5 Ke7 21.Bxd7 Kxd7
22.g3 h5 23.Nf3 Rg8 24.Rd1 Ke7 25.Rd4 Rg4 26.h3 Rxd4 27.Nxd4 Be5 28.Kd3 Kd6
29.Kc4 a6 30.a4 Bf6 31.h4 Bg7 32.b4 Bxd4 33.Kxd4 b5 34.axb5 axb5 35.e4 e5+
36.Ke3 fxe4 37.Kxe4 Ke6 38.f3 f5+ 39.Ke3 Kd5 40.Kd3 e4+ 41.fxe4+ fxe4+ 42.Ke3 Ke5
43.Ke2 Kf5 44.Ke3 Kg4 45.Kxe4 Kxg3 46.Kf5 Kxh4 47.Kf4 Kh3 48.Kf3 h4 49.Kf2 Kg4
50.Kg2 Kf4  0-1

[Event "FSGM June"]
[Site "Budapest HUN"]
[Date "2004.06.10"]
[Round "6"]
[White "Nguyen Ngoc Truongson"]
[Black "Szieberth,A"]
[Result "1/2-1/2"]
[WhiteElo "2431"]
[BlackElo "2370"]

1.d4 Nf6 2.Bg5 c5 3.d5 e5 4.Nc3 a6 5.a4 h6 6.Bh4 d6 7.e4 Be7 8.Bxf6 Bxf6
9.Nf3 Nd7 10.a5 O-O 11.Nd2 b5 12.axb6 Nxb6 13.Bd3 Bg5 14.O-O g6 15.Nc4 Nxc4
16.Bxc4 Qb6 17.b3 Bd7 18.Qd3 a5 19.Bb5 Bxb5 20.Qxb5 Rfb8 21.Qxb6 Rxb6 22.Ra4 Rb4
23.Rfa1 f5 24.Kf1 Bd2 25.Nd1 Rd4 26.Ke2 Bg5 27.h4 Bxh4 28.exf5 Bg5 29.Rxd4 exd4
30.Nb2 Re8+ 31.Kd3 Re5 32.Nc4 Rxf5 33.f3 Be7 34.Rxa5 h5 35.b4 cxb4 36.Kxd4 h4
37.Ra8+ Kg7 38.Ra7 Kf8 39.Ra8+ Kg7 40.Ra7 Kf8  1/2-1/2

[Event "FSGM June"]
[Site "Budapest HUN"]
[Date "2004.06.12"]
[Round "8"]
[White "Nguyen Ngoc Truongson"]
[Black "Karatorossian,D"]
[Result "1-0"]
[WhiteElo "2431"]
[BlackElo "2401"]

1.d4 Nf6 2.Bg5 c5 3.d5 Qb6 4.Nc3 Qxb2 5.Bd2 Qb6 6.e4 d6 7.f4 e5 8.Nf3 exf4
9.Rb1 Qd8 10.Bxf4 Be7 11.Bd3 O-O 12.O-O Nbd7 13.h3 Ne8 14.e5 dxe5 15.Nxe5 Nxe5
16.Bxe5 Bd6 17.Qe2 Qe7 18.Qe4 f5 19.Bxd6 Qxd6 20.Qc4 b6 21.Nb5 Qf6 22.Rbe1 Bd7
23.Qf4 a6 24.Nc7 Nxc7 25.Qxc7 Qd4+ 26.Kh2 Qxd5 27.Re7 Rf7 28.Be4 Qxe4 29.Rxe4 Bb5
30.Qxf7+ Kxf7 31.Rxf5+ Kg8 32.Re7 Bc4 33.a3 Rc8 34.Rfe5 Rc6 35.Ra7 h6 36.Re8+ Kh7
37.Re4 b5 38.Rg4  1-0

[Event "National Open"]
[Site "Las Vegas USA"]
[Date "2004.06.19"]
[Round "4"]
[White "Mendelian,V"]
[Black "Mulyar,M"]
[Result "1-0"]
[WhiteElo "2206"]
[BlackElo "2413"]

1.d4 Nf6 2.Bg5 d5 3.Bxf6 exf6 4.e3 Bd6 5.c4 dxc4 6.Bxc4 O-O 7.Nc3 c6 8.Nge2 f5
9.O-O Nd7 10.g3 Nf6 11.Nf4 Qe7 12.Qd3 Bd7 13.Rfd1 Rad8 14.a3 Rfe8 15.b4 Ne4
16.Bb3 Qf6 17.Rac1 Qh6 18.Qf1 a5 19.Nd3 axb4 20.axb4 b6 21.Nxe4 fxe4 22.Ne5 Bxe5
23.dxe5 Rxe5 24.Qa6 Ree8 25.Qb7 Be6 26.Rxd8 Rxd8 27.Qe7 Rf8 28.Rxc6 Qf6 29.Qxf6 gxf6
30.Bxe6 fxe6 31.Rxe6  1-0